000 00541nam a2200181Ia 4500
008 191130s2000##################000#0#eng##
020 _a9780849300011
040 _aACL
_cACL
082 _a344.7304603 MOR
100 _aMorrison, Robert D
245 _aEnvironmental forensics : a glossary of terms
_cRobert D. Morrison
260 _aBoca Raton, FL
_bCRC Press
_c2000
300 _a246 p
500 _aIncludes bibliographical references and index
990 _ae64ee67aac10000c10b394655ba5ee7f
991 _a436235
999 _c175273
_d175273